00689nam a22001937a 450000500170000002000180001724500290003525000120006426000320007630000130010849000460012165000330016770000370020070000310023770000310026894200120029999900190031195201650033020260210122322.0 a9781041320296 aHandbook of graph theory a2nd ed. aBoca RatonbCRC pressc2026 axix+1610 aDiscrete mathematics and its applications aCommunication networks99783 aGross, Jonathan L (Editor)99784 aYellen, Jay (Editor)99785 aZhang, Ping (Editor)99786 2ddccBK c756042d756042 00102ddc40718REFaMATbMATcREFd2026-02-09eModern Book Centre, Thiruvananthapuramg9995.00l0oR 511.5 GRO-HpMAT8174r2026-02-10 06:58:15w2026-02-10yBK